Toán nâng cao lớp 6 Biên soạn theo chương trình sách giáo khoa năm 2002
Uloženo v:
| Hlavní autor: | |
|---|---|
| Další autoři: | , |
| Médium: | Kniha |
| Jazyk: | Vietnamese |
| Vydáno: |
Đà Nẵng
Đà Nẵng
2002
|
| Témata: | |
| Tagy: |
Přidat tag
Žádné tagy, Buďte první, kdo otaguje tento záznam!
|
| Thư viện lưu trữ: | Trung tâm Học liệu Lê Vũ Hùng, Trường Đại học Đồng Tháp |
|---|
| LEADER | 00805aam a22002538a 4500 | ||
|---|---|---|---|
| 001 | 00042494 | ||
| 005 | 20181002141031.0 | ||
| 008 | 120403s2007 ||||||viesd | ||
| 020 | # | # | |c 23000 |
| 041 | 0 | # | |a vie |
| 082 | 1 | 4 | |a 510 |b T406N |
| 100 | 1 | # | |a Phan, Văn Đức |
| 245 | 1 | 0 | |c Phan Văn Đức |a Toán nâng cao lớp 6 |b Biên soạn theo chương trình sách giáo khoa năm 2002 |
| 260 | # | # | |a Đà Nẵng |b Đà Nẵng |c 2002 |
| 300 | # | # | |c 21 cm. |a 357 tr. |
| 653 | # | # | |a Hình học |
| 653 | # | # | |a Đại số |
| 653 | # | # | |a Toán học |
| 653 | # | # | |a Kiến thức |
| 700 | 1 | # | |a Đỗ, Quang Thiều |
| 700 | 1 | # | |a Tôn, Thân |
| 852 | # | # | |j KD.0024087 |
| 910 | |d 02/10/2018 | ||
| 980 | # | # | |a Trung tâm Học liệu Lê Vũ Hùng, Trường Đại học Đồng Tháp |